000 00306nam a22001457a 4500
008 210507b ||||| |||| 00| 0 eng d
020 _a9781555217570
041 _aeng
080 _a521
082 _a521
100 _a7
101 _aZOO
245 _aGreat Cattales
_cLesley O'Mara
942 _2udc
_cBK
999 _c57112
_d57112